000
00288nam a2200133Ia 4500
100
_a
Thelning/K.E
942
_c
BK
654
_a
Heat treatment
245
_a
Steel & its Heat Treatment
260
_b
Butterworths
_a
London
_c
1978
082
_a
672.36
300
_a
570
546
_a
ENGLISH
999
_c
35687
_d
35687